The changing phase of Malaysian economy

Bibliographic Details
Main Author: Okposin, Samuel Bassey
Other Authors: Abdul Halim Abdul Hamid, Ong, Hway Boon
Format: Book
Published: Selangor : Pelanduk Publications , 2005
Subjects:

MARC

LEADER 00000cam a2200000 7i4500
001 0000013980
005 20080305.0
008 080214
020 |a 9679786994 
090 0 0 |a 330.9595   |b OKP 
100 1 |a Okposin, Samuel Bassey 
245 1 4 |a The changing phase of Malaysian economy   |c Samuel Bassey Okposin, Abdul Halim Abdul Hamid and Ong Hway Boon 
260 |a Selangor :   |b Pelanduk Publications ,   |c 2005 
650 0 |a Economic policy   |z Malaysia 
650 0 |a Industrialisation   |z Malaysia 
650 0 |a Malaysia   |x Economic conditions 
650 0 |a Privatistion   |z Malaysia 
700 0 |a Abdul Halim Abdul Hamid 
700 0 |a Ong, Hway Boon 
999 |a 0000936629   |b Book   |c Adult Collection   |e Cawangan Bandar Tenggara 
999 |a 0001012036   |b Book   |c Adult Collection   |e Perbadanan Perpustakaan Awam Johor 
999 |a 0001012037   |b Book   |c Adult Collection   |e Perbadanan Perpustakaan Awam Johor